000 01285nam a2200229Ia 4500
008 0000002009 sp ad 0000000000mul00
090 _aPSP00 B32vz 2009
245 1 0 _aMiquel Barceló
_c/ 53 Exposición Internacional de Arte Bienal de Venecia ; comisario Enrique Juncosa
300 _a1 carpeta (2 cuadernillos + 2 folletos)
_c/ 31 cm.
500 _aExposición realizada en el Pabellín de España en la 53a Bienal de Venecia, junio 7 noviembre 22, 2009 \ Texto bilingue: español inglés \ Incluye datos biográficos del artista \ Proyecto Ganador Programa Apoyos Concertados FGAA 2010
501 _aPabellón de España en la 53a bienal de Venecia = The Spanish Pavilion at the 53a Venice Biennale Miquel Barceló : biografía = Miquel Barceló : biography Enrique Juncosa : biografía = Enrique Juncosa : biography
600 0 0 _aBARCELO, MIQUEL, 1957/
_xTRABAJOS ARTISTICOS
650 1 4 _aARTE CONTEMPORANEO ESPAÑOL
650 1 4 _aARTISTAS PLASTICOS ESPAÑOLES EXPOSIONES
650 1 4 _xCATALOGOS
650 1 4 _xEXPOSICIONES
650 1 4 _aPINTORES ESPAÑOLES
650 1 4 _aPINTURA AL OLEO
650 1 4 _aPINTURA ESPAÑOLA
700 1 _aJuncosa, Enrique, 1961
999 _c11281
_d11281
260 _aMadrid : Ministerio de Asuntos Exteriores y de Cultura de España
_c2009